Statistics for Dragon Ball Z Characters in the Majin Buu Saga

Click here to take the quiz!

General Stats

  • This quiz has been taken 1,280 times
    (950 since last reset)
  • The average score is 23 of 45

Answer Stats

Answer% Correct
Goku
99%
Vegeta
97%
Gohan
94%
Goten
94%
Trunks
93%
Majin Buu
91%
Bulma
86%
Chi Chi
84%
Piccolo
84%
Krillin
79%
Mr. Satan
78%
Videl
77%
Yamcha
77%
Gotenks
76%
Babidi
74%
Tien
73%
Vegito
69%
Android 18
63%
Dabura
62%
Supreme Kai
61%
Dende
56%
Kibito
52%
Master Roshi
49%
Mr. Popo
47%
Oolong
44%
Puar
44%
Pui Pui
44%
Chiaotzu
43%
Spopovich
39%
Yakon
38%
Ox King
35%
Yamu
33%
Marron
30%
Yajirobe
28%
Korin
26%
Bee
24%
Dr. Brief
24%
Mrs. Brief
21%
Smitty
11%
Mighty Mask
10%
Van Zant
8%
Jewel
6%
Killa
6%
World Tournament Announcer
6%
Pintar
4%

Score Distribution

Percentile by Number Answered

Percent of People with Each Score

Your Score History

You have not taken this quiz since the last reset